000 00517nam a2200169Ia 4500
005 20250508151548.0
008 008 250505s9999 xx 000 0 eng d
037 _aBooks to be hide in OPAC
040 _aFEDL
_beng
_cFEDL
041 _aeng
_2eng
084 _a370.7, MAD/O
_qFEDL
245 0 _aPre-basic education: A syllabus for the training of teachers
260 _aSevagram, India
_bThe Hindustani Talimi Singh
_c1953
300 _a25p
942 _cHB
_h370.7, MAD/O
999 _c1330640
_d1330640